Zbyt powolna zmiana systemu.
Od roku 1990 sa v Poľsku začala opravdivá šoková terapia s cieľom ozdraviť ekonomiku a uskutočniť reformy. Nevyhnutné zníženie výroby. Poučky z poľských skúseností. Stabilizácia ekonomiky nedotiahnutá do konca. Zákruty a úskalia privatizácie. Perspektíva väčšieho tlaku obyvateľstva.
Na minha lista:
| Autor principal: | |
|---|---|
| Formato: | Capítulo de Livro |
| Idioma: | polonês |
| Assuntos: | |
| Tags: |
Sem tags, seja o primeiro a adicionar uma tag!
|
MARC
| LEADER | 00000naa a2200000 4500 | ||
|---|---|---|---|
| 001 | r004596 | ||
| 005 | 20221125123056.2 | ||
| 041 | 0 | |a pol | |
| 044 | |a PL | ||
| 245 | 1 | 0 | |a Zbyt powolna zmiana systemu. |c J. Winiecki |
| 520 | |a Od roku 1990 sa v Poľsku začala opravdivá šoková terapia s cieľom ozdraviť ekonomiku a uskutočniť reformy. Nevyhnutné zníženie výroby. Poučky z poľských skúseností. Stabilizácia ekonomiky nedotiahnutá do konca. Zákruty a úskalia privatizácie. Perspektíva väčšieho tlaku obyvateľstva. | ||
| 610 | 2 | 0 | |a reformy hospodárske |
| 610 | 2 | 0 | |a Poľsko |
| 610 | 2 | 0 | |a stabilizácia hospodárstva |
| 610 | 2 | 0 | |a privatizácia |
| 610 | 2 | 0 | |a 1990 |
| 100 | 1 | |a Winiecki, Jan | |